000 00712nam a2200229 a 4500
001 000010961
005 20240412074221.0
008 091013s2000 dr 000 p spa d
040 _aDO-SdBNP
_bspa
_cBNPHU
082 _aRD861.44
_bQ7p
100 1 _aQuiñones, Juan Ramón
_926372
245 1 0 _aPalo seco /
_cJuan Ramón Quiñones.
246 1 0 _aPalo seco :
_bel poema de lo dominicano
260 _aSanto Domingo :
_bLetra grande,
_c2000.
300 _a83 p. ;
_c22 cm.
490 1 _aPoesía infinita
590 _aInventariado, 2018/ LP
650 0 _aPoesía dominicana
_966
650 0 _aLiteratura dominicana.
_967
830 0 _aPoesía infinita
_926373
910 _aValidado. Control de calidad MMOLINA
999 _c10699
_d10699